000 00348nam a22001457a 4500
005 20170401171154.0
008 170401b xxu||||| |||| 00| 0 eng d
020 _a978-81-219-4254-6
041 _aeng
100 _aPRAKASH, SATYA
_93815
245 _aADVANCED CHEMISTRY OF RARE ELEMENTS
260 _bS. CHAND
_c1956
300 _a710
942 _cBK
999 _c5413
_d5411